Athenian democracy

Guardat en:
Dades bibliogràfiques
Autor principal: Jones, A. H (Autor)
Format: Llibre
Idioma:anglès
Publicat: Londres Basil Blackwell 1957
Matèries:
Etiquetes: Afegir etiqueta
Sense etiquetes, Sigues el primer a etiquetar aquest registre!

MARC

LEADER 00000nam a2200000 a 4500
001 UCP9727
003 CL-VaPUC
008 000331e19570000UK |||||||||||||||||eng|d
082 0 4 |a 938  |b JON  |2 21 
100 |a Jones, A. H  |e author  |9 440491 
245 1 0 |a Athenian democracy 
300 |a 198 p 
942 |c BK 
945 |d 20000331 00:00:00  |a rherrera 
260 |a Londres  |b Basil Blackwell  |c 1957 
650 0 |a Historia antigua  |9 267521 
650 0 |a Democracia  |9 255256 
650 0 |a Economía   |9 255568 
650 7 |a ESTRUCTURA SOCIAL  |2 CL-VaPUC  |9 440492 
651 0 |a Grecia  |9 265314 
651 7 |a ATENAS  |2 CL-VaPUC  |9 323854 
583 |a last modification  |c 20000331 00:00:00  |k Rodrigo Vera 
999 |c 286513  |d 286511 
952 |0 0  |1 0  |4 0  |6 938_000000000000000_JON_1957  |7 0  |8 A  |9 332495  |a BIBHIS  |b BIBHIS  |d 2019-11-20  |i 1261290  |o 938 JON 1957  |p 1261290  |r 2023-01-25  |w 2019-11-20  |y BK  |k HIS